000 00290nam a22001337a 4500
008 210301b ||||| |||| 00| 0 eng d
041 _aeng
080 _a510
082 _a510
100 _a36
101 _aMAT
245 _aBasic Technical Mathematics
_cCrooks, TH. C
942 _2udc
_cBK
999 _c55368
_d55368